Statistics for New Jersey A - Z

Click here to take the quiz!

General Stats

  • This quiz has been taken 103 times
  • The average score is 18 of 26

Answer Stats

Letter Hint Answer % Correct
TState CapitalTrenton
98%
PIvy League CollegePrinceton
96%
NLargest cityNewark
95%
YColor of the pencils in DYellow
95%
RState UniversityRutgers
93%
ZMetal mined in the stateZinc
89%
WNJ Governor who became 28th US PresidentWoodrow Wilson
88%
ETownship named after "The Wizard of Menlo Park"Edison
85%
CSouthernmost PointCape May
81%
LTunnel between Weehawken and ManhattanLincoln
81%
JHome to tallest buildings in the stateJersey City
76%
AShore town immortalized in the title of Bruce Springsteen's first album.Asbury Park
75%
KTeam name of state university (R), the Scarlet _______Knights
73%
OLargest county on the AtlanticOcean
73%
VState FlowerViolet
70%
UCounty containing EliizabethUnion
68%
SNorthernmost CountySussex
64%
QNJ rapper and actress born Dana OwensQueen Latifah
64%
BCurrent US SenatorCory Booker
61%
XA high school in Newark is named after this former member of the Nation of IslamMalcolm X
61%
FMunicipality on the western side of the Georgw Washington BridgeFort Lee
55%
DPencil manufacturer known for the TiconderogaDixon
46%
GState BirdGoldfinch
40%
MCurrent US SenatorBob Menendez
38%
HAt 1804' the place of greatest elevation in the stateHigh Point
34%
IMeadowlands Arena aka Brendan Byrne Arena and Continental Airlines ArenaIzod Center
28%

Score Distribution

Percentile by Number Answered

Percent of People with Each Score

Your Score History

You have not taken this quiz